书目信息 |
| 题名: |
贪污贿赂罪各论
|
|
| 作者: | 赵俊 编著 | |
| 分册: | ||
| 出版信息: | 北京 法律出版社 2017 |
|
| 页数: | 473页 | |
| 开本: | 23cm | |
| 丛书名: | ||
| 单 册: | ||
| 中图分类: | D924.392.4 | |
| 科图分类: | ||
| 主题词: | 贪污贿赂罪--研究--中国 | |
| 电子资源: | ||
| ISBN: | 978-7-5197-0545-9 | |
| 000 | 00782nam0 2200229 450 | |
| 001 | 012001001227 | |
| 005 | 20140921103355.0 | |
| 010 | @a978-7-5197-0545-9@dCNY78.00 | |
| 100 | @a20170427d2017 em y0chiy50 ea | |
| 101 | 0 | @achi |
| 102 | @aCN@b110000 | |
| 105 | @ay z 000yy | |
| 106 | @ar | |
| 200 | 1 | @a贪污贿赂罪各论@9tan wu hui lu zui ge lun@f赵俊编著 |
| 210 | @a北京@c法律出版社@d2017 | |
| 215 | @a473页@d23cm | |
| 330 | @a本书共十五章,内容包括:贪污贿赂罪概论、贪污罪、论挪用公款罪、受贿罪、利用影响力受贿罪、单位受贿罪、行贿罪、对有影响力的人行贿罪、介绍贿赂罪、单位行贿罪等。 | |
| 606 | 0 | @a贪污贿赂罪@x研究@y中国 |
| 690 | @aD924.392.4@v5 | |
| 701 | 0 | @a赵俊@9zhao jun@f(1970.12-)@4编著 |
| 801 | 0 | @aCN@b上海新华@c20180901 |
| 905 | @b1156064-8@dD924.392.4@e897@f5 | |
| 贪污贿赂罪各论/赵俊编著.-北京:法律出版社,2017 |
| 473页;23cm |
| ISBN 978-7-5197-0545-9:CNY78.00 |
| 本书共十五章,内容包括:贪污贿赂罪概论、贪污罪、论挪用公款罪、受贿罪、利用影响力受贿罪、单位受贿罪、行贿罪、对有影响力的人行贿罪、介绍贿赂罪、单位行贿罪等。 |
| ● |
| 相关链接 |
|
|
|
|
正题名:贪污贿赂罪各论
索取号:D924.392.4/897
 
预约/预借
| 序号 | 登录号 | 条形码 | 馆藏地/架位号 | 状态 | 备注 |
| 1 | 1156064 | 211560648 | 第一样本阅览室/ [索取号:D924.392.4/897] | 在馆 | |
| 2 | 1156065 | 211560657 | 第一借阅区/ [索取号:D924.392.4/897] | 在馆 | |
| 3 | 1156066 | 211560666 | 第一借阅区/ [索取号:D924.392.4/897] | 在馆 | |
| 4 | 1156067 | 211560675 | 第一借阅区/ [索取号:D924.392.4/897] | 在馆 | |
| 5 | 1156068 | 211560684 | 密集书库-史法系/ [索取号:D924.392.4/897] | 在馆 |